เกร็ดประวัติศาสตร์บนแผ่นดินอยุธยา / (ระเบียนเลขที่ 96344)
| 000 -LEADER | |
|---|---|
| fixed length control field | 01045nam a2200229 4500 |
| 003 - CONTROL NUMBER IDENTIFIER | |
| control field | NALT |
| 005 - DATE AND TIME OF LATEST TRANSACTION | |
| control field | 20221124114932.0 |
| 008 - FIXED-LENGTH DATA ELEMENTS--GENERAL INFORMATION | |
| fixed length control field | 190918b th ||||| |||| 00| 0 tha d |
| 020 ## - INTERNATIONAL STANDARD BOOK NUMBER | |
| International Standard Book Number | 9786165145909 |
| 040 ## - CATALOGING SOURCE | |
| Original cataloging agency | NALT |
| 050 ## - LIBRARY OF CONGRESS CALL NUMBER | |
| Classification number | DS 577 |
| Item number | ส962ก 2561 |
| 100 0# - MAIN ENTRY--PERSONAL NAME | |
| Personal name | แสงเพชร |
| 9 (RLIN) | 42081 |
| 245 10 - TITLE STATEMENT | |
| Title | เกร็ดประวัติศาสตร์บนแผ่นดินอยุธยา / |
| Statement of responsibility, etc. | แสงเพชร. |
| 260 ## - PUBLICATION, DISTRIBUTION, ETC. | |
| Place of publication, distribution, etc. | กรุงเทพฯ : |
| Name of publisher, distributor, etc. | มงคลสยาม, |
| Date of publication, distribution, etc. | 2561. |
| 300 ## - PHYSICAL DESCRIPTION | |
| Extent | 192 หน้า : |
| Other physical details | ภาพประกอบ ; |
| Dimensions | 21 ซม. |
| 651 #4 - SUBJECT ADDED ENTRY--GEOGRAPHIC NAME | |
| 9 (RLIN) | 6445 |
| Geographic name | ไทย |
| General subdivision | ประวัติศาสตร์ |
| Chronological subdivision | กรุงศรีอยุธยา, 1893-2310 |
| 651 #0 - SUBJECT ADDED ENTRY--GEOGRAPHIC NAME | |
| Geographic name | ไทย |
| General subdivision | ความเป็นอยู่และประเพณี |
| 9 (RLIN) | 7234 |
| 850 ## - HOLDING INSTITUTION | |
| Holding institution | NALT |
| 942 ## - ADDED ENTRY ELEMENTS (KOHA) | |
| Koha item type | General Book |
| Source of classification or shelving scheme | Library of Congress Classification |
| 998 ## - STAFF NAME (NALT) | |
| -- | 909 |
| -- | นางสาวสุพัณดา สุภาพ |
| Withdrawn status | Lost status | Source of classification or shelving scheme | Damaged status | Not for loan | Collection code | Home library | Current library | Date acquired | Total Checkouts | Total Renewals | Full call number | Barcode | Date last seen | Date last checked out | Price effective from | Koha item type |
|---|---|---|---|---|---|---|---|---|---|---|---|---|---|---|---|---|
| Library of Congress Classification | General Book collection | National Assembly Library of Thailand | National Assembly Library of Thailand | 18/09/2019 | 4 | 2 | DS 577 ส962ก 2561 | 3961209657 | 01/12/2022 | 24/11/2022 | 18/09/2019 | General Book |
